000 00416nam a2200181Ia 4500
005 20240823033340.0
008 240823s9999||||xx |||||||||||||| ||und||
041 _aENGLISH
082 _A006.786 P9
100 _aSridharan K
245 0 _aFlash Enum Nunkalai Nunukkam
250 _a1st
260 _c2009
_bNarmatha Pathi
500 _aYES
650 _aTamil Books
_bGeneral
942 _cBK
999 _c195598
_d195598